[Event "NOR-chT West Nord 0910"]
[Site "Norway"]
[Date "2010.02.14"]
[Round "5"]
[White "Skage, Oystein Aagedal"]
[Black "Brattetveit, Kenneth"]
[Result "0-1"]
[WhiteElo "1826"]
[BlackElo "1761"]
[PlyCount "76"]
[EventDate "2009.11.08"]
[EventType "team-tourn"]
[EventRounds "5"]
[EventCountry "NOR"]
[SourceTitle "EXT 2012"]
[Source "ChessBase"]
[SourceDate "2011.11.24"]
[SourceVersion "1"]
[SourceVersionDate "2011.11.24"]
[SourceQuality "1"]

1. e4 e6 2. d4 d5 3. Nc3 Bb4 4. e5 c5 5. a3 Bxc3+ 6. bxc3 Ne7 7. Qg4 Qc7 8. Qxg7 Rg8 9. Qxh7 cxd4 10. Ne2 Nbc6 11. f4 dxc3 12. Qd3 Bd7 13. Nxc3 a6 14. Ne2 Nf5 15. h3 0-0-0 16. g4 Nh4 17. Rb1 Na5 18. Nd4 Nc4 19. Rb4 Kb8 20. Be2 Ka8 21. 0-0 Qc5 22. Qc3 Nf5 23. Rd1 Bb5 24. a4 Bc6 25. Ba3 Qa7 26. Bxc4 a5 27. Rb5 Bxb5 28. Bxb5 Rc8 29. Qb2 Ng3 30. Kh2 Ne4 31. Rf1 Rh8 32. Bd3 Rc3 33. Nf3 Qe3 34. Qc1 Rxd3 35. cxd3 Qxd3 36. Bb2 Qe2+ 37. Kg1 Rxh3 38. Bd4 Rg3+ 0-1

[Event "Gibraltar Challengers-B 8th"]
[Site "Caleta"]
[Date "2010.02.02"]
[Round "3"]
[White "Skage, Oystein Aagedal"]
[Black "Thingstad, Even"]
[Result "1-0"]
[WhiteElo "1935"]
[BlackElo "2141"]
[PlyCount "101"]
[EventDate "2010.01.31"]
[EventType "swiss"]
[EventRounds "5"]
[EventCountry "GGB"]
[SourceTitle "EXT 2011"]
[Source "ChessBase"]
[SourceDate "2010.11.26"]
[SourceVersion "1"]
[SourceVersionDate "2010.11.26"]
[SourceQuality "1"]

1. e4 e5 2. Nf3 Nc6 3. Bb5 a6 4. Ba4 Nf6 5. 0-0 Be7 6. Re1 b5 7. Bb3 0-0 8. h3 d6 9. c3 Na5 10. Bc2 c5 11. d4 Qc7 12. Nbd2 Nc6 13. d5 Nd8 14. Nf1 Ne8 15. g4 g6 16. N3h2 Ng7 17. f4 exf4 18. Bxf4 f6 19. a4 Rb8 20. axb5 axb5 21. b4 Nf7 22. Nd2 cxb4 23. cxb4 Qc3 24. Rb1 Bd8 25. Rb3 Bb6+ 26. Kh1 Qc7 27. Bd3 Bd7 28. Nhf3 Ne5 29. Nxe5 fxe5 30. Bg5 Rf2 31. Bh4 Rf7 32. Rf1 Rbf8 33. Rxf7 Rxf7 34. Nb1 Bd4 35. Na3 Qb6 36. Qe2 Bf2 37. Bg5 Bg1 38. Nxb5 Bxb5 39. Bxb5 Rf2 40. Be3 Rxe2 41. Bxb6 Bxb6 42. Bxe2 Ne8 43. Rc3 Kf8 44. Rc6 Bc7 45. b5 Ke7 46. b6 Bxb6 47. Rxb6 Nf6 48. Bf3 g5 49. Rb7+ Kf8 50. h4 h6 51. h5 1-0

[Event "Gibraltar Masters 8th"]
[Site "Caleta"]
[Date "2010.01.29"]
[Round "4"]
[White "Lasinskas, Povilas"]
[Black "Skage, Oystein Aagedal"]
[Result "0-1"]
[WhiteElo "2174"]
[BlackElo "1935"]
[PlyCount "68"]
[EventDate "2010.01.26"]
[EventType "swiss"]
[EventRounds "10"]
[EventCountry "GGB"]
[SourceTitle "CBM 134 Extra"]
[Source "ChessBase"]
[SourceDate "2010.03.03"]
[SourceVersion "1"]
[SourceVersionDate "2010.03.03"]
[SourceQuality "1"]

1. d4 Nf6 2. c4 g6 3. Nc3 Bg7 4. Bg5 d6 5. Qc2 0-0 6. Rd1 Nbd7 7. Nf3 c5 8. e4 cxd4 9. Nxd4 Qa5 10. Bh4 Nc5 11. f3 Ne6 12. Nb3 Qe5 13. Nd5 Nf4 14. Bg3 N6h5 15. Nxf4 Nxf4 16. Rd2 Qg5 17. Nd4 Bxd4 18. Rxd4 Nxg2+ 19. Bxg2 Qe3+ 20. Kf1 Qxd4 21. h4 Be6 22. b3 b5 23. Bf2 Qe5 24. Qd2 bxc4 25. Bd4 Qh5 26. bxc4 Bxc4+ 27. Kg1 Rab8 28. Qc2 Rfc8 29. Bf2 e6 30. Bh3 Rb1+ 31. Kh2 Rb2 32. Kg1 Qxh4 33. Bf1 Qg4+ 34. Bg2 Qxg2+ 0-1

[Event "Gibraltar Challengers-A 8th"]
[Site "Caleta"]
[Date "2010.01.28"]
[Round "3"]
[White "Skage, Oystein Aagedal"]
[Black "Straub, Peter"]
[Result "0-1"]
[WhiteElo "1935"]
[BlackElo "2116"]
[PlyCount "68"]
[EventDate "2010.01.26"]
[EventType "swiss"]
[EventRounds "5"]
[EventCountry "GGB"]
[SourceTitle "CBM 134 Extra"]
[Source "ChessBase"]
[SourceDate "2010.03.03"]
[SourceVersion "1"]
[SourceVersionDate "2010.03.03"]
[SourceQuality "1"]

1. e4 c5 2. Nf3 e6 3. d4 cxd4 4. Nxd4 a6 5. c4 Nf6 6. Nc3 d6 7. Bd3 Be7 8. Qe2 Qc7 9. Be3 Nbd7 10. f4 b6 11. Rc1 Bb7 12. b4 Rc8 13. 0-0 0-0 14. Nb3 Qb8 15. Nd2 Rfe8 16. Na4 Bc6 17. b5 axb5 18. cxb5 Ba8 19. Nc4 Bd8 20. e5 dxe5 21. fxe5 Nxe5 22. Bf4 Qa7 23. Bxe5 Qxa4 24. Rb1 Be7 25. Rf4 Qa7 26. Rbf1 Rc5 27. h4 Rd8 28. g4 Qb7 29. R1f3 Rcd5 30. g5 Rxd3 31. Rxd3 Rxd3 32. gxf6 Rg3+ 33. Kf1 Qh1+ 34. Kf2 Qg1# 0-1

[Event "Bergen Grand Prix"]
[Site "Bergen"]
[Date "2009.11.29"]
[Round "4"]
[White "Skage, Oystein Aagedal"]
[Black "Demac, Elias"]
[Result "0-1"]
[WhiteElo "1826"]
[BlackElo "2085"]
[PlyCount "48"]
[EventDate "2009.11.27"]
[EventType "swiss"]
[EventRounds "5"]
[EventCountry "NOR"]
[SourceTitle "EXT 2024"]
[Source "ChessBase"]
[SourceDate "2023.10.10"]
[SourceVersion "1"]
[SourceVersionDate "2023.10.10"]
[SourceQuality "1"]

1. e4 c5 2. Nc3 e6 3. f4 a6 4. g3 b5 5. Bg2 Bb7 6. Qe2 Be7 7. b3 d5 8. f5 d4 9. fxe6 dxc3 10. exf7+ Kxf7 11. dxc3 Nf6 12. Nf3 Re8 13. Bf4 Kg8 14. Ng5 Nd5 15. Qh5 Bxg5 16. Bxg5 Nf6 17. Bxf6 gxf6 18. 0-0 Nd7 19. Rad1 Kh8 20. Bh3 Bc6 21. Qh6 Qe7 22. e5 Nxe5 23. Rxf6 Nf3+ 24. Kh1 Qe2 0-1

[Event "NOR-chT West Nord 0910"]
[Site "Norway"]
[Date "2009.11.08"]
[Round "1"]
[White "Gronnestad, Anita"]
[Black "Skage, Oystein Aagedal"]
[Result "0-1"]
[WhiteElo "1837"]
[BlackElo "1826"]
[PlyCount "130"]
[EventDate "2009.11.08"]
[EventType "team-tourn"]
[EventRounds "5"]
[EventCountry "NOR"]
[SourceTitle "EXT 2012"]
[Source "ChessBase"]
[SourceDate "2011.11.24"]
[SourceVersion "1"]
[SourceVersionDate "2011.11.24"]
[SourceQuality "1"]

1. e4 c5 2. c3 Nf6 3. d3 Nc6 4. Nf3 e5 5. Bg5 Be7 6. Nbd2 d5 7. Qb3 c4 8. Qc2 cxd3 9. Bxd3 dxe4 10. Nxe4 Nxe4 11. Bxe7 Nxe7 12. Bxe4 f5 13. Bd3 Qc7 14. 0-0-0 0-0 15. Qb3+ Kh8 16. Ng5 Nc6 17. Kb1 Qe7 18. h4 Bd7 19. Qd5 Rad8 20. Bc4 Be8 21. Qe6 Qc7 22. Rd5 Bh5 23. Rxd8 Nxd8 24. Qd5 h6 25. f3 f4 26. Ne4 Bf7 27. Qd6 Qxd6 28. Nxd6 Bg6+ 29. Kc1 Rf6 30. Rd1 Kh7 31. Ne4 Bxe4 32. Rxd8 Bf5 33. Re8 Kg6 34. Rxe5 Kh5 35. Re7 g6 36. Rxb7 Kxh4 37. Re7 Kg3 38. Re2 Rc6 39. Bb5 Re6 40. Kd2 Rxe2+ 41. Kxe2 Kxg2 42. c4 h5 43. c5 h4 44. Bd3 h3 45. Bxf5 h2 46. Bxg6 h1Q 47. Be4 Qf1+ 48. Kd2 Qf2+ 49. Kd3 Qxc5 50. a3 Qe3+ 51. Kc4 Qxe4+ 52. fxe4 f3 53. e5 f2 54. e6 f1Q+ 55. Kd5 Qb5+ 56. Kd6 Qxb2 57. Kd7 Qxa3 58. e7 Qa4+ 59. Kd8 Qa5+ 60. Kc8 Qc5+ 61. Kd8 Qd6+ 62. Ke8 a5 63. Kf7 Qc7 64. Kf8 Qf4+ 65. Ke8 a4 0-1

[Event "Arctic Chess Challenge"]
[Site "Tromsoe"]
[Date "2009.08.03"]
[Round "3"]
[White "Skage, Oystein Aagedal"]
[Black "Zozulia, Anna"]
[Result "0-1"]
[WhiteElo "1966"]
[BlackElo "2341"]
[PlyCount "58"]
[EventDate "2009.08.01"]
[EventType "swiss"]
[EventRounds "9"]
[EventCountry "NOR"]
[SourceTitle "CBM 131 Extra"]
[Source "ChessBase"]
[SourceDate "2009.09.03"]
[SourceVersion "2"]
[SourceVersionDate "2009.09.16"]
[SourceQuality "1"]

1. e4 c5 2. Nf3 Nc6 3. d4 cxd4 4. Nxd4 Qb6 5. Nb3 Nf6 6. Nc3 e6 7. Be3 Qc7 8. a3 a6 9. f3 b5 10. Qd2 Ne5 11. Qf2 Rb8 12. 0-0-0 Be7 13. Rg1 Nc4 14. Bd4 e5 15. Ba7 Rb7 16. Bc5 d6 17. Bb4 0-0 18. Bxc4 bxc4 19. Na5 Rb8 20. Qe2 Be6 21. Nd5 Bxd5 22. exd5 c3 23. Bxc3 Rb5 24. a4 Rxa5 25. Bxa5 Qxa5 26. Qc4 Nd7 27. Rd3 Nc5 28. Ra3 Rb8 29. c3 Qb6 0-1

[Event "Oslo Sveins op 2nd"]
[Site "Oslo"]
[Date "2009.06.19"]
[Round "5"]
[White "Grotnes, Nils Ragnar"]
[Black "Skage, Oystein Aagedal"]
[Result "1-0"]
[WhiteElo "2232"]
[BlackElo "1966"]
[PlyCount "107"]
[EventDate "2009.06.19"]
[EventType "swiss"]
[EventRounds "9"]
[EventCountry "NOR"]
[SourceTitle "CBM 130 Extra"]
[Source "ChessBase"]
[SourceDate "2009.07.02"]
[SourceVersion "2"]
[SourceVersionDate "2009.07.15"]
[SourceQuality "1"]

1. d4 Nf6 2. c4 e6 3. Nc3 d5 4. Bg5 c6 5. e3 Nbd7 6. cxd5 cxd5 7. Bd3 Be7 8. Nf3 0-0 9. 0-0 b6 10. Qa4 a6 11. Rfc1 Bb7 12. Ne5 b5 13. Qc2 h6 14. Nxd7 Qxd7 15. Bxf6 Bxf6 16. f4 Rac8 17. b4 Qe7 18. Qb2 Bc6 19. Ne2 Qd6 20. Rc3 Be7 21. a3 f5 22. Nc1 Bd7 23. Nb3 Qb6 24. Rac1 Rxc3 25. Rxc3 Rc8 26. Kf2 Rxc3 27. Qxc3 Qc6 28. Qb2 Kf7 29. Ke2 Qc7 30. Kd2 Qc6 31. Qa1 Bc8 32. Na5 Qc7 33. Qd1 Bf6 34. Qh5+ Kf8 35. g4 fxg4 36. Nb3 Be7 37. Qxg4 e5 38. Bf5 exd4 39. Nxd4 Bxf5 40. Qxf5+ Kg8 41. Qxd5+ Kh8 42. Qa8+ Qd8 43. Qxd8+ Bxd8 44. Ne6 Bb6 45. Nc5 a5 46. Nb3 axb4 47. axb4 g5 48. fxg5 hxg5 49. h3 Kg7 50. Nd4 Bxd4 51. exd4 Kf6 52. Ke3 Kf5 53. Kf3 Kf6 54. Ke4 1-0

[Event "Oslo Sveins op 2nd"]
[Site "Oslo"]
[Date "2009.06.19"]
[Round "8"]
[White "Skage, Oystein Aagedal"]
[Black "Guddahl, Viggo"]
[Result "0-1"]
[WhiteElo "1966"]
[BlackElo "2118"]
[PlyCount "100"]
[EventDate "2009.06.19"]
[EventType "swiss"]
[EventRounds "9"]
[EventCountry "NOR"]
[SourceTitle "CBM 130 Extra"]
[Source "ChessBase"]
[SourceDate "2009.07.02"]
[SourceVersion "2"]
[SourceVersionDate "2009.07.15"]
[SourceQuality "1"]

1. e4 e6 2. d4 d5 3. Nc3 Nf6 4. Bg5 Be7 5. e5 Nfd7 6. Bxe7 Qxe7 7. f4 a6 8. Nf3 c5 9. Be2 Nc6 10. Qd2 b5 11. Rd1 0-0 12. 0-0 Nb6 13. b3 b4 14. Nb1 c4 15. h3 a5 16. Qe3 c3 17. Bd3 Ba6 18. Bxa6 Rxa6 19. Qd3 Ra7 20. Ng5 f5 21. Qb5 Qb7 22. Nxe6 Rb8 23. Qd3 g6 24. Nc5 Qc8 25. Rf3 Nd7 26. Na4 Ne7 27. Nbxc3 bxc3 28. Nxc3 Rc7 29. a4 Nf8 30. Rc1 Ne6 31. Nb5 Rc6 32. c4 Qd7 33. c5 Nc7 34. Kh2 Re6 35. Nd6 Rb4 36. Rg3 Kh8 37. Nf7+ Kg7 38. Nd6 Kh8 39. Qd1 Nc6 40. Rd3 Re7 41. Rcc3 Rg7 42. Rc2 Ne6 43. g3 Rg8 44. Rcd2 Rgb8 45. Nb5 g5 46. fxg5 Nxg5 47. Qh5 Rg8 48. Nd6 Ne4 49. Nf7+ Kg7 50. Ng5 h6 0-1

[Event "Oslo ASKO Pinseturnering-A"]
[Site "Oslo"]
[Date "2009.05.30"]
[Round "1"]
[White "Kjoita, Henning Jakhelln"]
[Black "Skage, Oystein Aagedal"]
[Result "1-0"]
[WhiteElo "1569"]
[BlackElo "1874"]
[PlyCount "63"]
[EventDate "2009.05.30"]
[EventType "swiss"]
[EventRounds "6"]
[EventCountry "NOR"]
[SourceTitle "EXT 2011"]
[Source "ChessBase"]
[SourceDate "2010.11.26"]
[SourceVersion "1"]
[SourceVersionDate "2010.11.26"]
[SourceQuality "1"]

1. e4 c5 2. Nc3 Nc6 3. f4 g6 4. Nf3 Bg7 5. Bc4 d6 6. d3 h6 7. Be3 Nd4 8. Bxd4 Bxd4 9. Qd2 Bg7 10. 0-0-0 a6 11. h3 Bd7 12. g4 Bc6 13. f5 b5 14. Bb3 gxf5 15. gxf5 a5 16. Rhg1 Bf6 17. Bd5 Qb6 18. Bxc6+ Qxc6 19. Nd5 b4 20. Nxf6+ exf6 21. Nh2 0-0-0 22. Ng4 d5 23. exd5 Qxd5 24. Qg2 Qxa2 25. Qa8+ Kd7 26. Qb7+ Kd6 27. Qb6+ Kd7 28. Qb7+ Kd6 29. Ne3 Rd7 30. Nc4+ Ke7 31. Rde1+ Kf8 32. Qc8+ 1-0

[Event "Oslo ASKO Pinseturnering-A"]
[Site "Oslo"]
[Date "2009.05.30"]
[Round "2"]
[White "Skage, Oystein Aagedal"]
[Black "Engevik, Bjarne Johan"]
[Result "0-1"]
[WhiteElo "1874"]
[BlackElo "1665"]
[PlyCount "58"]
[EventDate "2009.05.30"]
[EventType "swiss"]
[EventRounds "6"]
[EventCountry "NOR"]
[SourceTitle "EXT 2011"]
[Source "ChessBase"]
[SourceDate "2010.11.26"]
[SourceVersion "1"]
[SourceVersionDate "2010.11.26"]
[SourceQuality "1"]

1. e4 d5 2. exd5 Nf6 3. d4 Nxd5 4. c4 Nb6 5. Nf3 Bg4 6. c5 Nd5 7. Nc3 c6 8. Bc4 e6 9. 0-0 Be7 10. Nxd5 exd5 11. Bd3 0-0 12. Bf4 Nd7 13. Bc2 Nf6 14. Qd3 Bh5 15. Ne5 Bg6 16. Nxg6 fxg6 17. Rae1 Ne4 18. Be5 Bf6 19. Bxf6 Qxf6 20. Qb3 Nd2 21. Qxb7 Nxf1 22. Rxf1 Rab8 23. Qxa7 Rxb2 24. Qa4 h5 25. f4 Re8 26. f5 g5 27. Bb3 Ree2 28. Rf3 Re1+ 29. Rf1 Rxf1+ 0-1

[Event "Gibraltar Masters 7th"]
[Site "Gibraltar"]
[Date "2009.02.04"]
[Round "9"]
[White "Skage, Oystein Aagedal"]
[Black "Van den Bersselaar, Jeroen"]
[Result "0-1"]
[WhiteElo "1925"]
[BlackElo "2192"]
[PlyCount "38"]
[EventDate "2009.01.27"]
[EventType "swiss"]
[EventRounds "10"]
[EventCountry "ENG"]
[SourceTitle "CBM 128 Extra"]
[Source "ChessBase"]
[SourceDate "2009.03.05"]
[SourceVersion "2"]
[SourceVersionDate "2009.03.25"]
[SourceQuality "1"]

1. e4 e5 2. Nf3 Nc6 3. d4 exd4 4. Bc4 Nf6 5. e5 Ne4 6. Qe2 Nc5 7. c3 d3 8. Qe3 Be7 9. 0-0 a5 10. Nd4 0-0 11. Qg3 Bh4 12. Qf4 d6 13. exd6 cxd6 14. Be3 Ne5 15. Nf3 Ng6 16. Qd4 Bf6 17. Bg5 Bxg5 18. Nxg5 Qxg5 19. b4 Nf4 0-1

[Event "Gibraltar Challengers1"]
[Site "Gibraltar"]
[Date "2009.01.29"]
[Round "3"]
[White "Skage, Oystein Aagedal"]
[Black "Pali, Gabor"]
[Result "0-1"]
[WhiteElo "1925"]
[BlackElo "2049"]
[PlyCount "90"]
[EventDate "2009.01.27"]
[EventType "tourn"]
[EventRounds "5"]
[EventCountry "ENG"]
[SourceTitle "EXT 2010"]
[Source "ChessBase"]
[SourceDate "2010.11.25"]
[SourceVersion "1"]
[SourceVersionDate "2010.11.25"]
[SourceQuality "1"]

1. e4 c6 2. Nf3 d5 3. Nc3 e6 4. d4 Nf6 5. Bd3 Bb4 6. Bg5 h6 7. Bxf6 Qxf6 8. Qd2 g5 9. e5 Qe7 10. a3 Ba5 11. 0-0 Bc7 12. h3 Nd7 13. Ne2 Nf8 14. Nh2 f5 15. exf6 Qxf6 16. Ng4 Qg7 17. Rae1 Bd7 18. f4 gxf4 19. c3 h5 20. Ne5 Bxe5 21. dxe5 Qxe5 22. Nxf4 Qg5 23. Qe3 b6 24. Qd4 Rg8 25. Re5 Qg7 26. Rf2 0-0-0 27. Nxh5 Qh6 28. Qf4 Qxf4 29. Nxf4 Kc7 30. h4 Kd6 31. Rfe2 Rg4 32. g3 Rxg3+ 33. Kh2 Rf3 34. h5 Rxf4 35. Kg3 Rf7 36. Rg5 Re8 37. h6 e5 38. Rh2 e4 39. Be2 Rh7 40. Rhh5 Re6 41. Rg8 Rexh6 42. Rxf8 Rxh5 43. Rf6+ Kc7 44. Rf2 Rh3+ 45. Kg2 Rh2+ 0-1

[Event "Gibraltar Challengers1"]
[Site "Gibraltar"]
[Date "2009.01.28"]
[Round "2"]
[White "Osuna Vega, Enrique"]
[Black "Skage, Oystein Aagedal"]
[Result "1-0"]
[WhiteElo "2130"]
[BlackElo "1925"]
[PlyCount "101"]
[EventDate "2009.01.27"]
[EventType "tourn"]
[EventRounds "5"]
[EventCountry "ENG"]
[SourceTitle "EXT 2010"]
[Source "ChessBase"]
[SourceDate "2010.11.25"]
[SourceVersion "1"]
[SourceVersionDate "2010.11.25"]
[SourceQuality "1"]

1. d4 d5 2. c4 c6 3. Nc3 Nf6 4. Nf3 a6 5. cxd5 cxd5 6. Bf4 Nc6 7. e3 e6 8. Bd3 Bd6 9. Bxd6 Qxd6 10. 0-0 0-0 11. Rc1 Rd8 12. Bb1 e5 13. dxe5 Nxe5 14. Nxe5 Qxe5 15. Qd4 Ng4 16. Qxe5 Nxe5 17. Rfd1 Be6 18. b3 b5 19. h3 Rac8 20. f4 b4 21. Ne2 Nc6 22. f5 Bd7 23. Rxd5 Nb8 24. Rdc5 h6 25. Nd4 Rxc5 26. Rxc5 Rc8 27. Rxc8+ Bxc8 28. Kf2 Nd7 29. Nc6 Bb7 30. Nxb4 a5 31. Nd3 Be4 32. g4 h5 33. Ne5 Bxb1 34. Nxd7 Bxa2 35. Nc5 hxg4 36. hxg4 Kf8 37. Ke2 Ke7 38. Kd1 Kd6 39. Ne4+ Ke5 40. Nd2 Kf6 41. Ke2 Kg5 42. Kf3 Kh4 43. Kf4 f6 44. e4 Kh3 45. g5 Kg2 46. e5 fxe5+ 47. Kxe5 Kf2 48. f6 gxf6+ 49. gxf6 Ke2 50. f7 Kxd2 51. f8Q 1-0

[Event "Arctic Chess Challenge"]
[Site "Tromsoe"]
[Date "2008.08.07"]
[Round "6"]
[White "Royset, Jon Kristian"]
[Black "Skage, Oystein Aagedal"]
[Result "1-0"]
[WhiteElo "2208"]
[BlackElo "1973"]
[PlyCount "51"]
[EventDate "2008.08.02"]
[EventType "swiss"]
[EventRounds "9"]
[EventCountry "NOR"]
[SourceTitle "CBM 125 Extra"]
[Source "ChessBase"]
[SourceDate "2008.09.01"]
[SourceVersion "1"]
[SourceVersionDate "2008.09.01"]
[SourceQuality "1"]

1. d4 d5 2. c4 c6 3. Nf3 Nf6 4. e3 e6 5. Nc3 Bd6 6. b3 Nbd7 7. Be2 0-0 8. 0-0 b6 9. Qc2 Bb7 10. Bb2 Qe7 11. Rad1 dxc4 12. bxc4 e5 13. Rfe1 e4 14. Nd2 Rfe8 15. f4 h5 16. Kh1 Nb8 17. Rb1 Na6 18. Qd1 Nb4 19. Bxh5 Nd3 20. Rf1 Bb4 21. Ba1 Nxh5 22. Qxh5 g6 23. Qh6 Ba6 24. Ncxe4 Bxd2 25. d5 Qxe4 26. Qg7# 1-0

[Event "Gibraltar Challengers-B"]
[Site "Gibraltar"]
[Date "2008.01.29"]
[Round "3"]
[White "Skage, Oystein Aagedal"]
[Black "Vinas Guerrero, Carlos Alberto"]
[Result "0-1"]
[WhiteElo "1919"]
[BlackElo "2129"]
[PlyCount "70"]
[EventDate "2008.01.27"]
[EventType "swiss"]
[EventRounds "5"]
[EventCountry "ENG"]
[SourceTitle "CBM 122 Extra"]
[Source "ChessBase"]
[SourceDate "2008.03.04"]
[SourceVersion "1"]
[SourceVersionDate "2008.03.04"]
[SourceQuality "1"]

1. e4 c5 2. Nf3 e6 3. d4 cxd4 4. Nxd4 Nc6 5. Nc3 a6 6. Be3 Nf6 7. Bd3 Qc7 8. 0-0 b5 9. a3 Ne5 10. Qe2 Nc4 11. Nf3 Nxe3 12. Qxe3 Bc5 13. Qg5 Kf8 14. e5 Ne8 15. Ne4 Be7 16. Qf4 f5 17. g4 g6 18. Qh6+ Kg8 19. gxf5 exf5 20. Nf6+ Nxf6 21. exf6 Bxf6 22. Bxf5 Bb7 23. Bg4 Bg7 24. Qh3 Qf4 25. Ne1 h5 26. Bxd7 Rd8 27. Be6+ Kh7 28. Bb3 Bxb2 29. Ra2 Be5 30. Ng2 Qf6 31. f4 Rhf8 32. f5 Rd2 33. c3 Bxg2 34. fxg6+ Qxg6 35. Bc2 Rxf1# 0-1

[Event "Gibraltar Masters 6th"]
[Site "Gibraltar"]
[Date "2008.01.29"]
[Round "8"]
[White "Van Kemenade, Rudy"]
[Black "Skage, Oystein Aagedal"]
[Result "0-1"]
[WhiteElo "2029"]
[BlackElo "1919"]
[PlyCount "98"]
[EventDate "2008.01.22"]
[EventType "swiss"]
[EventRounds "10"]
[EventCountry "ENG"]
[SourceTitle "CBM 122 Extra"]
[Source "ChessBase"]
[SourceDate "2008.03.04"]
[SourceVersion "1"]
[SourceVersionDate "2008.03.04"]
[SourceQuality "1"]

1. e4 c5 2. Nf3 d6 3. Bb5+ Bd7 4. Bxd7+ Qxd7 5. 0-0 Nf6 6. e5 dxe5 7. Nxe5 Qc8 8. Qf3 e6 9. Na3 Be7 10. d3 0-0 11. Nac4 Nbd7 12. a4 Nxe5 13. Nxe5 Nd7 14. Nc4 Bf6 15. Bf4 Nb6 16. Ne5 Nd5 17. Bg3 b6 18. c3 Rd8 19. Nc4 Qc6 20. Be5 Ne7 21. Qxc6 Nxc6 22. Bxf6 gxf6 23. Rfd1 Rd7 24. Kf1 Rad8 25. Ke2 Ne5 26. Nxe5 fxe5 27. b3 f5 28. f3 Kf7 29. g3 Kf6 30. Ke3 h5 31. Rd2 f4+ 32. Ke2 Rg8 33. Kf2 Rgd8 34. Rad1 Rd5 35. Ke2 a6 36. gxf4 exf4 37. d4 cxd4 38. Rxd4 Rxd4 39. Rxd4 Rxd4 40. cxd4 Kg5 41. Kd3 Kf5 42. h4 b5 43. a5 e5 44. b4 e4+ 45. fxe4+ Kg4 46. d5 f3 47. Ke3 Kg3 48. d6 f2 49. d7 f1Q 0-1

[Event "Gibraltar Masters 6th"]
[Site "Gibraltar"]
[Date "2008.01.27"]
[Round "6"]
[White "Suez Panama, Gilles"]
[Black "Skage, Oystein Aagedal"]
[Result "1/2-1/2"]
[WhiteElo "2099"]
[BlackElo "1919"]
[PlyCount "28"]
[EventDate "2008.01.22"]
[EventType "swiss"]
[EventRounds "10"]
[EventCountry "ENG"]
[SourceTitle "CBM 122 Extra"]
[Source "ChessBase"]
[SourceDate "2008.03.04"]
[SourceVersion "1"]
[SourceVersionDate "2008.03.04"]
[SourceQuality "1"]

1. d4 d5 2. Nf3 Nf6 3. c4 c6 4. Nc3 e6 5. g3 dxc4 6. Bg2 Nbd7 7. a4 Bb4 8. 0-0 c5 9. Nb5 0-0 10. Qc2 a6 11. Nd6 cxd4 12. Nxc4 e5 13. Nfxe5 Nxe5 14. Nxe5 Qe7 1/2-1/2

[Event "Gibraltar Challengers"]
[Site "Gibraltar"]
[Date "2008.01.24"]
[Round "3"]
[White "Skage, Oystein Aagedal"]
[Black "Arnott, Jonathan"]
[Result "0-1"]
[WhiteElo "1919"]
[BlackElo "2117"]
[PlyCount "110"]
[EventDate "2008.01.22"]
[EventType "swiss"]
[EventRounds "5"]
[EventCountry "ENG"]
[SourceTitle "CBM 122 Extra"]
[Source "ChessBase"]
[SourceDate "2008.03.04"]
[SourceVersion "1"]
[SourceVersionDate "2008.03.04"]
[SourceQuality "1"]

1. e4 e6 2. d4 d5 3. Nc3 Nf6 4. e5 Nfd7 5. f4 c5 6. Nf3 Nc6 7. Be3 a6 8. Qd2 b5 9. a3 g5 10. fxg5 cxd4 11. Nxd4 Ncxe5 12. Be2 Bg7 13. Bh5 0-0 14. 0-0-0 Nc4 15. Qf2 Nde5 16. Bf4 Qe7 17. Rhe1 b4 18. axb4 Qxb4 19. Nb3 Nxb2 20. Bxe5 Bxe5 21. Rxe5 Nc4 22. Nb1 Nxe5 23. Rd4 Qe7 24. Qg3 Ng6 25. N1d2 Bb7 26. Nf3 Rac8 27. Bxg6 fxg6 28. Qh3 Rc4 29. Qg3 Rfc8 30. h4 Rxc2+ 31. Kd1 R2c3 32. Nbd2 a5 33. Qe5 Ba6 34. Ke1 Re8 35. Rf4 Qc7 36. Qd4 Rc1+ 37. Kf2 Qc5 38. Qxc5 Rxc5 39. Ne5 Rc2 40. Rd4 a4 41. Nd7 Bc4 42. Nf6+ Kf7 43. Ke1 Rc1+ 44. Kf2 e5 45. Nxc4 exd4 46. Nd6+ Ke6 47. Ndxe8 a3 48. Nxh7 a2 49. h5 a1Q 50. hxg6 Rf1+ 51. Kg3 Qe1+ 52. Kg4 Qe4+ 53. Kh3 Rh1+ 54. Kg3 Qh4+ 55. Kf3 Rf1+ 0-1

[Event "Gibraltar Masters 6th"]
[Site "Gibraltar"]
[Date "2008.01.22"]
[Round "1"]
[White "Skage, Oystein Aagedal"]
[Black "Arnott, Jonathan"]
[Result "1-0"]
[WhiteElo "1919"]
[BlackElo "2117"]
[PlyCount "61"]
[EventDate "2008.01.22"]
[EventType "swiss"]
[EventRounds "10"]
[EventCountry "ENG"]
[SourceTitle "CBM 122 Extra"]
[Source "ChessBase"]
[SourceDate "2008.03.04"]
[SourceVersion "1"]
[SourceVersionDate "2008.03.04"]
[SourceQuality "1"]

1. e4 e6 2. d4 d5 3. Nc3 Nf6 4. e5 Nfd7 5. f4 c5 6. Nf3 Nc6 7. Be3 a6 8. Qd2 b5 9. a3 g5 10. Ne2 cxd4 11. Nexd4 Nxd4 12. Bxd4 g4 13. Ng1 Nc5 14. Qe3 Ne4 15. Bd3 Bb7 16. Ne2 Rc8 17. 0-0 Nc5 18. f5 Nxd3 19. cxd3 Qd7 20. fxe6 fxe6 21. Qg5 Qg7 22. Qh5+ Ke7 23. Rf6 Rc7 24. Raf1 Kd8 25. Bb6 Bc5+ 26. Bxc5 Rxc5 27. Nd4 Bc8 28. Rxe6 Qa7 29. Rd6+ Bd7 30. e6 Rc7 31. Qxd5 1-0

[Event "Calvia op 4th"]
[Site "Calvia"]
[Date "2007.10.23"]
[Round "9"]
[White "Ruiz Vinals, Matias"]
[Black "Skage, Oystein Aagedal"]
[Result "1-0"]
[WhiteElo "2164"]
[BlackElo "1956"]
[PlyCount "59"]
[EventDate "2007.10.15"]
[EventType "swiss"]
[EventRounds "9"]
[EventCountry "ESP"]
[SourceTitle "CBM 120 Extra"]
[Source "ChessBase"]
[SourceDate "2007.11.01"]
[SourceVersion "1"]
[SourceVersionDate "2007.11.01"]
[SourceQuality "1"]

1. d4 d5 2. c4 c6 3. Nc3 Nf6 4. Nf3 a6 5. cxd5 cxd5 6. Bf4 Nc6 7. e3 Bg4 8. Bd3 e6 9. Qb3 Bxf3 10. gxf3 Bd6 11. Bg3 0-0 12. Rc1 Qd7 13. Na4 Bb4+ 14. Kf1 Qe7 15. a3 Ba5 16. Kg2 e5 17. dxe5 Nxe5 18. Rhd1 b5 19. Nc3 Nc4 20. Qc2 Rac8 21. Bxc4 Rxc4 22. Qf5 Qe6 23. Qe5 Rfc8 24. Ne2 Nd7 25. Qd6 Bd8 26. Rxc4 bxc4 27. Rxd5 Nf6 28. Qxe6 fxe6 29. Rd6 Bc7 30. Rc6 1-0